Hiểu nghèo thoát nghèo : Cách mạng tư duy để thoát nghèo trên thế giới

Enregistré dans:
Détails bibliographiques
Auteur principal:  Banerjee, A bhjit V
Format: Sách
Langue:Undetermined
Publié:  Trẻ  2015
Sujets:
Tags: Ajouter un tag
Pas de tags, Soyez le premier à ajouter un tag!
Thư viện lưu trữ: Trung tâm Thư viện - Trường Đại học Công nghiệp TP. Hồ Chí Minh
LEADER 00536nam a2200157Ia 4500
001 UIH_06970
008 231011s9999 xx 000 0 und d
082 |a  339.46 
100 |a  Banerjee, A bhjit V 
245 0 |a  Hiểu nghèo thoát nghèo : Cách mạng tư duy để thoát nghèo trên thế giới 
245 0 |c  Banerjee, A bhjit V 
260 |b  Trẻ 
260 |c  2015 
650 |a  Nghèo;  
927 |a Sách 
980 |a Trung tâm Thư viện - Trường Đại học Công nghiệp TP. Hồ Chí Minh